000 00637nam a2200241Ia 4500
003 OSt
005 20220924130546.0
006 a|||||r|||| 00| 0
007 ta
008 220923b |||||||| |||| 00| 0 tel d
020 _c2.10
024 _a328736
037 _cTextual
040 _aARTS
_cARTS
_btel
041 _2tel
_atel
082 _aMY6, 35K3
100 _aAnderson Kenneth
_9150843
245 0 _aSivanipalli nalla chirutha
260 _aTenali
_bSahiti kendram
_c1963
650 _aPHYSICAL EDUCATION
_9200257
942 _hMY6, 35K3
_cTEXL
_2CC
999 _c424900
_d424900